01677nam a22001337a 4500082000800000100002600008245008000034264003800114300002600152500123900178650003601417700003301453856005701486 a610 aAbbasi, Aliza Anwaar  aNovel Bioactive Dental Fillings for Secondary Caries /cAliza Anwaar Abbasi aIslamabad : bSMME- NUST; c2026. a64p.bSoft Copyc30cm aSecondary caries rests as the most important challenge in resin-based dental composites, encouraging search of bioactive fillers like silanized hydroxyapatites and fluorides to increase antibacterial performance without negotiating mechanical integrity. This study developed and verified novel UDMA-based composites: a control with camphorquinone photoinitiator, whereas the experimental group integrating APTES-silanized hydroxyapatite plus calcium fluoride. Antibacterial efficacy was evaluated via disk diffusion assays against Staphylococcus aureus and Escherichia coli, revealing clear zones of inhibition nearby experimental disks greater than controls representing fluoride-driven disruption of bacterial growth. Wide-ranging characterization, including SEM, FTIR, EDX analysis, water absorption and solubility done by the use of artificial saliva confirmed efficacious synthesis, structural integrity, and the existence of preferred functional groups. Outcomes highlight these formulations potential to limit oral biofilms and improve restorative durability, with silanization helping filler dispersion and ion release; future work should measure mechanical properties and continuing fluoride kinetics for medical translation. aMS Biomedical Sciences (BMS)  aSupervisor: Dr. Sabah Javaid uhttp://10.250.8.41:8080/xmlui/handle/123456789/57400